000 00603cam a22002053a 4500
001 39373
003 PGUSA
005 20140828083856.0
008 120404s2012||||xxu|||||s|||||000 | eng d
040 _aPGUSA
_beng
042 _adc
100 1 _aGray, Andrew,
_d1847-1925
245 1 0 _aLord Kelvin :
_bAn account of his scientific life and work
_h[electronic resource] /
_cAndrew Gray
260 _bProject Gutenberg,
_c2012
506 _aPublic domain in the USA.
516 _aElectronic text
830 0 _aProject Gutenberg
_v39373
856 4 0 _uhttp://www.gutenberg.org/ebooks/39373
942 _cEB
999 _c268626
_d268626